Human Resource Management an Economic Approach

Guardado en:
Detalles Bibliográficos
Autor principal: Mitchell, Daniel J.B
Formato: Libro
Lenguaje:inglés
Publicado: Boston PWS-Kent Pub. Co. 1989
Edición:1. ed.
Etiquetas: Agregar Etiqueta
Sin Etiquetas, Sea el primero en etiquetar este registro!

MARC

LEADER 00000nam a2200000 4500
001 c027321
005 20221215113919.4
041 0 |a eng 
044 |a US 
245 1 0 |a Human Resource Management an Economic Approach  |c Daniel J.B. Mitchell 
250 |a 1. ed. 
264 1 |a Boston  |b PWS-Kent Pub. Co.  |c 1989 
300 |a 527 s. 
100 1 |a Mitchell, Daniel J.B.